000
00215 a2200097 4500
001
47849
100
_a
Bulloch J
245
_a
The Making of a War
260
_a
London
_b
Longman Group Ltd
_c
090
_c
30846
_d
30846
942
_a
NUST-CAE
_c
M
_c
23165
999
_c
282922
_d
282922